000 00835cad a22001935a 4500
001 L154242
008 111107s2011 xxk f 000 0 eng d
035 _a(Sirsi) u154242
041 0 _aeng
110 2 _aPriceWaterhouseCoopers
_93793
245 0 0 _aValuing the role of construction in the New Zealand economy
_ba report to the Construction Strategy Group
_h[electronic resource]
260 _aAuckland
_bPwC
_c2011
520 _aAn in-depth commentary on the construction industry in New Zealand.
590 _aKA NTK
651 4 _aNew Zealand
_y1947-
690 _aBUILT ENVIRONMENT-CONSTRUCTION MARKET
856 4 0 _uhttps://www.constructionstrategygroup.org.nz/downloads/PwC%20Report%20-%20Construction%20Sector%20Analysis%20Final%204%20Oct.pdf
_zView this item free of charge at www.constructionstrategygroup.org
942 _n0
999 _c112897
_d112897